| 000 | 00766 am a2200229 4500 | ||
|---|---|---|---|
| 001 | 173725 | ||
| 003 | ES-MaACL | ||
| 005 | 20240202063020.0 | ||
| 008 | 100113s2009 sp a | |||||||| | spa d | ||
| 020 | _a978-84-7789-264-9 | ||
| 040 | _aSpMaBN | ||
| 080 | _a821.134.2-14"19" | ||
| 100 | 1 |
_aGarcía-Herraiz Pérez, Enrique, _d1927- _9235001 |
|
| 245 | 1 | 0 |
_aTiempo del pan amarillo / _cEnrique García-Herráiz Pérez. |
| 250 | _a1ª ed. | ||
| 260 |
_aCiudad Real : _bDiputación Provincial de Ciudad Real, Área de Cultura, _c2009. |
||
| 300 |
_a60 p. : _bil. ; _c21 cm. |
||
| 490 | 1 |
_aColección Literaria Ojo de pez ; _v77 |
|
| 830 | 0 |
_aColección Literaria Ojo de pez ; _v77 _9223592 |
|
| 852 |
_aES-MaACL _jL-8720 |
||
| 999 |
_c173725 _d173725 |
||